|
|
|
|
| LEADER |
00000cam a2200000 c 4500 |
| 001 |
024399744 |
| 003 |
DE-627 |
| 005 |
20260206195436.0 |
| 007 |
tu |
| 008 |
830628s1982 gw ||||| 00| ||ger c |
| 015 |
|
|
|a 82,N36,0100
|2 dnb
|
| 015 |
|
|
|a 83,A08,0255
|2 dnb
|
| 016 |
7 |
|
|a 820951552
|2 DE-101
|
| 020 |
|
|
|a 3518576208
|9 3-518-57620-8
|
| 035 |
|
|
|a (DE-627)024399744
|
| 035 |
|
|
|a (DE-603)027059812
|
| 035 |
|
|
|a (DE-576)008743339
|
| 035 |
|
|
|a (DE-599)GBV024399744
|
| 035 |
|
|
|a (OCoLC)230567387
|
| 035 |
|
|
|a (OCoLC)10145683
|
| 035 |
|
|
|a (AT-OBV)AC00122646
|
| 035 |
|
|
|a (DE-604)8001756656
|
| 035 |
|
|
|a (DE-H357)his1077
|
| 040 |
|
|
|a DE-627
|b ger
|c DE-627
|e rakwb
|
| 041 |
|
|
|a ger
|
| 044 |
|
|
|c XA-DE
|
| 082 |
0 |
|
|a 301/.072
|q OCLC
|
| 082 |
0 |
|
|a 301.072
|2 DDC19oclc
|
| 084 |
|
|
|a S 65
|2 sfb
|
| 084 |
|
|
|a S 45 (40)
|2 sfb
|
| 084 |
|
|
|a 14
|2 sdnb
|
| 084 |
|
|
|a 1
|2 ssgn
|
| 084 |
|
|
|a MR 1100
|2 rvk
|0 (DE-625)rvk/123485:
|
| 084 |
|
|
|a MR 2000
|2 rvk
|0 (DE-625)rvk/123487:
|
| 084 |
|
|
|a MR 5100
|2 rvk
|0 (DE-625)rvk/123510:
|
| 084 |
|
|
|a 70.03
|2 bkl
|
| 100 |
1 |
|
|a Bonß, Wolfgang
|d 1952-
|0 (DE-588)142066613
|0 (DE-627)633522163
|0 (DE-576)160366747
|4 aut
|
| 109 |
|
|
|a Bonß, Wolfgang 1952-
|a Bonss, Wolfgang 1952-
|
| 245 |
1 |
4 |
|a Die Einübung des Tatsachenblicks
|b zur Struktur und Veränderung empirischer Sozialforschung
|c Wolfgang Bonß
|
| 250 |
|
|
|a 1. Aufl.
|
| 264 |
|
1 |
|a Frankfurt am Main
|b Suhrkamp
|c 1982
|
| 300 |
|
|
|a 341 S.
|c 20 cm
|
| 336 |
|
|
|a Text
|b txt
|2 rdacontent
|
| 337 |
|
|
|a ohne Hilfsmittel zu benutzen
|b n
|2 rdamedia
|
| 338 |
|
|
|a Band
|b nc
|2 rdacarrier
|
| 500 |
|
|
|a Literaturverz. S. 305-336
|
| 505 |
8 |
|
|a Literaturverz. S. 305 - 336
|
| 583 |
1 |
|
|a Massenentsäuert
|c 2016
|k DE-18
|2 pdager
|5 DE-18-308
|
| 583 |
1 |
|
|a Archivierung/Langzeitarchivierung gewährleistet
|f SSG
|x XA-DE-BW
|2 pdager
|5 DE-21
|
| 650 |
0 |
7 |
|0 (DE-588)4014606-6
|0 (DE-627)106339389
|0 (DE-576)208908633
|a Empirische Sozialforschung
|2 gnd
|
| 650 |
0 |
7 |
|0 (DE-588)4073840-1
|0 (DE-627)106091433
|0 (DE-576)209191619
|a Kritische Theorie
|2 gnd
|
| 650 |
|
4 |
|a Sozialforschung
|
| 650 |
|
4 |
|a Empirische Sozialforschung
|
| 650 |
|
4 |
|a Empirische Methode
|
| 650 |
|
4 |
|a Soziologische Theorie
|
| 650 |
|
4 |
|a Frankfurter Schule
|
| 653 |
|
0 |
|a Empiricism
|
| 653 |
|
0 |
|a Sociology - Research
|
| 689 |
0 |
0 |
|d s
|0 (DE-588)4014606-6
|0 (DE-627)106339389
|0 (DE-576)208908633
|a Empirische Sozialforschung
|2 gnd
|
| 689 |
0 |
|
|5 DE-101
|
| 689 |
1 |
0 |
|d s
|0 (DE-588)4073840-1
|0 (DE-627)106091433
|0 (DE-576)209191619
|a Kritische Theorie
|2 gnd
|
| 689 |
1 |
|
|5 (DE-627)
|
| 689 |
2 |
0 |
|d s
|0 (DE-588)4077624-4
|0 (DE-627)104152036
|0 (DE-576)209205849
|a Soziologie
|2 gnd
|
| 689 |
2 |
1 |
|d s
|0 (DE-588)4017894-8
|0 (DE-627)106328379
|0 (DE-576)208921524
|a Forschung
|2 gnd
|
| 689 |
2 |
2 |
|d s
|0 (DE-588)4152104-3
|0 (DE-627)105540749
|0 (DE-576)209792922
|a Empirie
|2 gnd
|
| 689 |
2 |
3 |
|d s
|0 (DE-588)4297631-5
|0 (DE-627)104143355
|0 (DE-576)211002763
|a Totalität
|2 gnd
|
| 689 |
2 |
4 |
|d s
|0 (DE-588)4063241-6
|0 (DE-627)106128671
|0 (DE-576)209147911
|a Verstehen
|2 gnd
|
| 689 |
2 |
5 |
|d s
|0 (DE-588)4139716-2
|0 (DE-627)105633291
|0 (DE-576)209696737
|a Methodologie
|2 gnd
|
| 689 |
2 |
6 |
|a z
|2 gnd
|a Geschichte
|
| 689 |
2 |
|
|5 (DE-627)
|
| 856 |
4 |
2 |
|u http://d-nb.info/820951552/04
|m B:DE-101
|q application/pdf
|v 20130501
|x Verlag
|3 Inhaltsverzeichnis
|7 1
|
| 856 |
4 |
2 |
|u http://scans.hebis.de/HEBCGI/show.pl?02705981_toc.pdf
|m V:DE-605;X:Imageware
|q application/pdf
|3 Inhaltsverzeichnis
|7 1
|
| 889 |
|
|
|w (DE-627)43671471X
|
| 935 |
|
|
|a mteo
|
| 935 |
|
|
|i Blocktest
|
| 935 |
|
|
|h HEB
|i 0501
|
| 935 |
|
|
|h HEB
|i 0503
|
| 936 |
r |
v |
|a MR 1100
|b Sozialwissenschaftliche Methodologie und Methodenkritik
|k Soziologie
|k Sozialwissenschaftliche Theorien und Methoden
|k Wissenschaftstheorie und Erkenntnistheorie
|k Sozialwissenschaftliche Methodologie und Methodenkritik
|0 (DE-627)127142746X
|0 (DE-625)rvk/123485:
|0 (DE-576)20142746X
|
| 936 |
r |
v |
|a MR 2000
|b Allgemeine Werke und Lehrbücher
|k Soziologie
|k Sozialwissenschaftliche Theorien und Methoden
|k Methoden der Sozialforschung
|k Allgemeine Werke und Lehrbücher
|0 (DE-627)1271138913
|0 (DE-625)rvk/123487:
|0 (DE-576)201138913
|
| 936 |
r |
v |
|a MR 5100
|b Allgemeine Darstellungen (Reader in modern Theory)
|k Soziologie
|k Sozialwissenschaftliche Theorien und Methoden
|k Jüngere soziologische Theorie
|k Allgemeine Darstellungen (Reader in modern Theory)
|0 (DE-627)1271305135
|0 (DE-625)rvk/123510:
|0 (DE-576)201305135
|
| 936 |
b |
k |
|a 70.03
|j Methoden, Techniken und Organisation der sozialwissenschaftlichen Forschung
|0 (DE-627)106414097
|
| 936 |
s |
n |
|a m200
|2 mzub
|
| 938 |
1 |
0 |
|0 (DE-627)1756179506
|0 (DE-615)6609904
|a Empirische Sozialforschung
|2 fivt
|
| 938 |
1 |
0 |
|0 (DE-627)1756186812
|0 (DE-615)6607795
|a Kritische Theorie
|2 fivt
|
| 938 |
1 |
0 |
|0 (DE-627)1756178089
|0 (DE-615)6608640
|a Soziologie
|2 fivt
|
| 938 |
1 |
0 |
|0 (DE-627)1756154724
|0 (DE-615)6606496
|a Methodologie
|2 fivt
|
| 951 |
|
|
|a BO
|
| ELC |
|
|
|b 1
|
| LOK |
|
|
|0 000 xxxxxcx a22 zn 4500
|
| LOK |
|
|
|0 001 3175382959
|
| LOK |
|
|
|0 003 DE-627
|
| LOK |
|
|
|0 004 024399744
|
| LOK |
|
|
|0 005 20131105123251
|
| LOK |
|
|
|0 008 930506||||||||||||||||ger|||||||
|
| LOK |
|
|
|0 040
|a DE-21-110
|c DE-627
|d DE-21-110
|
| LOK |
|
|
|0 689
|a s
|a Wahrnehmung
|
| LOK |
|
|
|0 689
|a s
|a Methodologie
|
| LOK |
|
|
|0 852
|a DE-21-110
|
| LOK |
|
|
|0 852 1
|c O II 225
|m p
|9 00
|
| LOK |
|
|
|0 935
|a k110
|
| LOK |
|
|
|0 936ln
|a 7.1
|
| LOK |
|
|
|0 938
|k p
|
| LOK |
|
|
|0 939
|a 06-05-93
|b l01
|
| ORI |
|
|
|a SA-MARC-krimdoka001.raw
|
| SIG |
|
|
|a IFK: O II 225
|